|
|
|
|
| LEADER |
03076nam a2200781 i 4500 |
| 001 |
nkc20172956608 |
| 003 |
CZ PrNK |
| 005 |
20191017151542.0 |
| 007 |
ta |
| 008 |
180516s2018 xr abehe 001 0 cze |
| 015 |
|
|
|a cnb002956608
|
| 020 |
|
|
|a 978-80-200-2831-0
|q (vázáno)
|
| 035 |
|
|
|a (OCoLC)1051233153
|
| 040 |
|
|
|a ABA001
|b cze
|d OLA001
|e rda
|
| 043 |
|
|
|a e-xr---
|b e-xr-cc
|2 czenas
|
| 072 |
|
7 |
|a 625
|x Pozemní komunikace. Železniční stavitelství
|2 Konspekt
|9 19
|
| 080 |
|
|
|a 625.711.4/.7:904
|2 MRF
|
| 080 |
|
|
|a 625.711.4/.7:904(091)
|2 MRF
|
| 080 |
|
|
|a 656.02
|2 MRF
|
| 080 |
|
|
|a 625.711.5:339
|2 MRF
|
| 080 |
|
|
|a 656(091)
|2 MRF
|
| 080 |
|
|
|a 911.53
|2 MRF
|
| 080 |
|
|
|a 902:911.53
|2 MRF
|
| 080 |
|
|
|a 625.711.4/.7
|2 MRF
|
| 080 |
|
|
|a 94(437.31-191.2)
|2 MRF
|
| 080 |
|
|
|a (437.31-191.2)
|2 MRF
|
| 080 |
|
|
|a (048.8:082)
|2 MRF
|
| 100 |
1 |
|
|a Bolina, Pavel,
|d 1953-
|7 jx20101210002
|4 aut
|
| 245 |
1 |
0 |
|a Staré cesty v krajině středních Čech /
|c Pavel Bolina, Tomáš Klimek, Václav Cílek
|
| 250 |
|
|
|a Vydání 1.
|
| 264 |
|
1 |
|a Praha :
|b Academia,
|c 2018
|
| 300 |
|
|
|a 690 stran :
|b ilustrace (převážně barevné), mapy, plány, faksimile ;
|c 27 cm
|
| 336 |
|
|
|a text
|b txt
|2 rdacontent
|
| 336 |
|
|
|a statický obraz
|b sti
|2 rdacontent
|
| 337 |
|
|
|a bez média
|b n
|2 rdamedia
|
| 338 |
|
|
|a svazek
|b nc
|2 rdacarrier
|
| 500 |
|
|
|a Terminologický slovník
|
| 504 |
|
|
|a Obsahuje bibliografické odkazy a rejstříky
|
| 650 |
0 |
7 |
|a staré cesty
|7 ph1052310
|z Česko
|2 czenas
|
| 650 |
0 |
7 |
|a staré cesty
|7 ph1052310
|x dějiny
|2 czenas
|
| 650 |
0 |
7 |
|a dopravní trasy
|7 ph172877
|z Česko
|2 czenas
|
| 650 |
0 |
7 |
|a obchodní stezky
|7 ph174594
|z Česko
|2 czenas
|
| 650 |
0 |
7 |
|a dějiny dopravy
|7 ph488962
|z Česko
|2 czenas
|
| 650 |
0 |
7 |
|a kulturní krajina
|7 ph122025
|z Česko
|2 czenas
|
| 650 |
0 |
7 |
|a krajinná archeologie
|7 ph121923
|z Česko
|2 czenas
|
| 650 |
0 |
7 |
|a stibologie
|7 ph174595
|z Česko
|2 czenas
|
| 650 |
0 |
9 |
|a old trails
|z Czechia
|2 eczenas
|
| 650 |
0 |
9 |
|a old trails
|x history
|2 eczenas
|
| 650 |
0 |
9 |
|a transport routes
|z Czechia
|2 eczenas
|
| 650 |
0 |
9 |
|a trade routes
|z Czechia
|2 eczenas
|
| 650 |
0 |
9 |
|a history of transportation
|z Czechia
|2 eczenas
|
| 650 |
0 |
9 |
|a cultural landscape
|z Czechia
|2 eczenas
|
| 650 |
0 |
9 |
|a landscape archaeology
|z Czechia
|2 eczenas
|
| 650 |
0 |
9 |
|a stibology
|z Czechia
|2 eczenas
|
| 651 |
|
7 |
|a Čechy střední (Česko)
|7 ge131654
|2 czenas
|
| 651 |
|
7 |
|a Čechy střední (Česko)
|7 ge131654
|x dějiny
|2 czenas
|
| 651 |
|
9 |
|a Bohemia, Central (Czechia)
|2 eczenas
|
| 651 |
|
9 |
|a Bohemia, Central (Czechia)
|x history
|2 eczenas
|
| 655 |
|
7 |
|a kolektivní monografie
|7 fd501537
|2 czenas
|
| 655 |
|
9 |
|a collective monographs
|2 eczenas
|
| 700 |
1 |
|
|a Klimek, Tomáš,
|d 1979-
|7 mzk2002148939
|4 aut
|
| 700 |
1 |
|
|a Cílek, Václav,
|d 1955-
|7 jo20000080776
|4 aut
|
| 910 |
2 |
|
|a BOA001
|b 3-1413.024
|
| 990 |
|
|
|a BK
|
| 995 |
|
|
|a 01
|
| 991 |
|
|
|b 201808
|c NOV
|
| 996 |
6 |
|
|b 2610750202
|c 3-1413.024
|l MZK
|r Sklad / do 1 hodiny
|n 11
|p p.v.
|w 001675917
|u 000010
|a 1
|e BOA001
|j MZK50
|s P
|
| 996 |
6 |
|
|b 2610751414
|c 3-1413.024
|l MZK
|r STM 6p
|n 0
|p kup
|h 625 BOL
|w 001675917
|u 000020
|a 0
|e BOA001
|j MZK50
|s P
|